Psychological Testing/ (Record no. 35796)

MARC details
000 -LEADER
fixed length control field 00605nam a22002057a 4500
005 - DATE AND TIME OF LATEST TRANSACTION
control field 20240521103444.0
008 - FIXED-LENGTH DATA ELEMENTS--GENERAL INFORMATION
fixed length control field 240521b |||||||| |||| 00| 0 eng d
020 ## - INTERNATIONAL STANDARD BOOK NUMBER
ISBN 0-85292-968-4
082 ## - DEWEY DECIMAL CLASSIFICATION NUMBER
Classification number 150
Item number TOP-P
100 ## - MAIN ENTRY--AUTHOR
Author Name Toplis;John
245 ## - TITLE STATEMENT
Title Psychological Testing/
Remainder of title A manager's Guide/
Statement of responsibility, etc. John Toplis
250 ## - EDITION STATEMENT
Edition statement 4th ed.
260 ## - PUBLICATION, DISTRIBUTION, ETC.
Place of Publication UK;
Name of publisher, distributor, etc. Chartered Institute of Personnel and Development;
Date of publication, distribution, etc. 2005
300 ## - PHYSICAL DESCRIPTION
Pages xiii, 166 p.:
500 ## - GENERAL NOTE
General note Include index
650 ## - SUBJECT ADDED ENTRY--TOPICAL TERM
Subject / Department Psychology/Psychological Research
700 ## - ADDED ENTRY--PERSONAL NAME
Personal name Victor Dulewicz
700 ## - ADDED ENTRY--PERSONAL NAME
Personal name Clive Fletcher
300 ## - PHYSICAL DESCRIPTION
-- ill.;
-- 24.5 cm.
952 ## - LOCATION AND ITEM INFORMATION (KOHA)
-- 0
-- 0
Holdings
Lost status Damaged status Collection code Permanent Location Current Location Shelving Location Date acquired Full Call Number Accession No./Barcode Date last seen item type Koha item type
    Medical /Allied Heath Science Superior Information Resource Center (SIRC) Superior University - City Campus Superior Information Resource Center (SIRC) Superior University - City Campus Psychology 05/21/2024 150 TOP-P 2005 2641 05/21/2024 BOOK BOOK

Powered by Koha